Normal view
MARC view
Entry Topical Term
001 - CONTROL NUMBER
- control field: 62011
003 - CONTROL NUMBER IDENTIFIER
- control field:
005 - DATE AND TIME OF LATEST TRANSACTION
- control field: 20210601181918.0
008 - FIXED-LENGTH DATA ELEMENTS
- fixed length control field: 210601|| aca||aabn | a|a d
040 ## - CATALOGING SOURCE
- Original cataloging agency:
- Transcribing agency:
150 ## - HEADING--TOPICAL TERM
- Topical term or geographic name entry element: Letter writing, German
670 ## - SOURCE DATA FOUND
- Source citation: Work cat.: (): Watson, Hilde W. 62009, German in the office/, c1964
